00264nam a2200097Ia 4500001000800000005001700008008004100025020001800066245006300084260001900147126865820260417145254.0260417s9999 xx 000 0 und d a9786256698499 0aSanat Ülkesi - Bedri Rahmi EyüboğlucErkan Doğanay bKetebe Çocuk